000 00612nam a2200193Ii 4500
003 JO-AjNU
008 230605s9999||||xx |||||||||||||| ||und||
040 _aJO-AjNU
_bara
_erda
_cJO-AjNU
041 _aara
050 1 4 _aQL785.;57
100 3 _aشرارة ، عبداللطيف,
_eauthor
_935975
245 0 0 _aكتاب نباهة الحيوان
264 3 1 _aبيروت :دار ابن زيدون ، 1900
300 _a340ص
336 _atext
_btxt
_2rdacontent
337 _aunmediated
_bn
_2rdamedia
338 _avolume
_bnc
_2rdacarrier
650 4 _aالحيوان - علم نفس الحيوان
_935976
999 _aA14904
_c18472
_d18472